| 000 | 00777nab a2200253 4500 | ||
|---|---|---|---|
| 003 | BR-BrBNA | ||
| 005 | 20241204103301.0 | ||
| 008 | 241204b bl.||||| |||| 00| 0 por d | ||
| 040 |
_aBR-BrBNA _bpor |
||
| 072 |
_aF06 ; N20 _b3305 ; 3309 |
||
| 100 | _aGiacóia Neto, José | ||
| 245 | _aIrrigação para jardins e gramados de áreas públicas | ||
| 500 | _a11 illus. | ||
| 520 | _aIRRIGAÇÃO AUTOMATIZADA | ||
| 650 | _aIRRIGAÇÃO | ||
| 650 | _aJARDINAGEM | ||
| 650 | _aGRAMADO | ||
| 650 | _aPAISAGISMO | ||
| 650 | _aAUTOMATIZAÇÃO | ||
| 650 | _aEQUIPAMENTO DE IRRIGAÇÃO | ||
| 773 | 0 |
_04820 _9318171 _dVotuporanga/SP IRRIGAZINE 2009 _o2024-4923 _tIrrigazine (Brazil) _gv. 3(7) p. 14-16; (Sep 2007) _wBR2024003728 |
|
| 942 | _cANA | ||
| 999 |
_c329001 _d329001 |
||